1708 1559 1315 1743 1886 1720 1969 1138 1435 1935 1598 1406 1326 1606 1000 1789 1867 1341 1234 1926 1134 1372 1949 1704 1311 1998 1966 1570 1236 1497 1784 1946 1634 1833 1370 1989 1402 1608 1871 1735 1951 1090 1135 1208 1837 1608 1992 1271 1840 1494 1862 1715 1844 1614 1634 1896 1081 1502 1646 1588 1416 1103 1749 1033 1479 1799 1010 1604 1837 1568 1567 1056 1448 1866 1268 1577 1650 1092 1056 1988 1653 1876 1301 1517 1698 1608 1547 1915 1222 1090 1234 1174 1349 1283 1392 1941 1058 1707 1297 BCNSPRNW ULIB Ver.6.0+V

เปลี่ยนเป็นภาษาไทย

Change to English
 แสดงรายละเอียดบรรณานุกรม
  กลับหน้าหลัก

Brief Record : Get Marc (ISO 2709) : E-mail record : QR code < ปิดหน้าต่าง
LEADER : 00000nam 2200000uu 4500
001    13399123363
003     ULIB
008    020711s2555 th a 000 0 tha d
099    วจ.WA546^bว111ค
110    วิทยาลัยพาบาลบรมราชชนนีสวรรยค์ประชารักษ์ นครสวรรค์
245    ความสามารถในการจัดการบริการ(Managed Care)เพื่อการสร้างเสริมสุขภาพ ในชุมชนของบุคลาการสาธารณสุขที่ปฏิบัติงานในสถานบริการปฐมภูมิของเขตรับผิดชอบของสำนักงานหลักประกันสุขภาพแห่งชาติ เขต 3 นครสวรรค์/^cวิทยาลัยพาบาลบรมราชชนนีสวรรยค์ประชารักษ์ นครสวรรค์,สำนักหลักประกันสุขภาพแห่งชาติ เขต 3 นครสวรรค์
260    นครสวรรค์ :^bวิทยาลัยพาบาลบรมราชชนนีสวรรยค์ประชารักษ์ นครสวรรค์,^c2555
300    43 หน้า
650    การจัดบริการ
710    สำนักหลักประกันสุขภาพแห่งชาติ เขต 3 นครสวรรค์
945    ^p0^l0^i20441
รายการนี้ยังไม่มีแท็ก
คุณยังไม่ได้ล็อกอิน คุณสามารถมีกิจกรรมร่วมกับเว็บไซต์ได้ แต่ต้องล็อกอินก่อน ::
  ล็อกอิน

รายการสื่อสารสนเทศ

ลำดับที่ ประเภท เลขเรียก/บาร์โค้ด สถานที่ สถานะ
1. งานวิจัย
งานวิจัย
วจ.WA546 ว111ค ฉ.1 
  Barcode: 20441
ห้องสมุดวิทยาเขตนครสวรรค์
►วิจัย:l:Research Room
บนชั้น

รายการใกล้เคียง
    หัวเรื่อง [การจัดบริการ]

BibComment


ยังไม่เคยถูกคอมเมนท์

คอมเมนท์ทรัพยากรรายการนี้
  คอมเมนท์: ความสามารถในการจั..


 Copyright 2026. Bcnsprnw @Library